000 00635nam a2200241Ia 4500
003 OSt
005 20220924144425.0
006 a|||||r|||| 00| 0
007 ta
008 220923b |||||||| |||| 00| 0 urd d
020 _c150
024 _a314264
037 _cTextual
040 _aARTS
_cARTS
_burd
041 _2urd
_aurd
082 _aO168,1N01:g, N8
100 _aZaheeri Abdur Rasheed
_9217617
245 0 _aPandit Anand Narain Mullah
_b Hayat aur shaeri
260 _c1998
650 _aURDU POETRY
942 _hO168,1N01:g, N8
_cTEXL
_2CC
999 _c457006
_d457006